[Event "Moscow-ch op"]
[Site "Moscow"]
[Date "1998.??.??"]
[Round "2"]
[White "Kremenietsky, Anatoly M"]
[Black "Cherniak, Anton S"]
[Result "1-0"]
[WhiteElo "2410"]
[BlackElo "2285"]
[PlyCount "93"]
[EventDate "1998.??.??"]
[EventType "swiss"]
[EventRounds "9"]
[EventCountry "RUS"]
[SourceTitle "EXT 2000"]
[Source "ChessBase"]
[SourceDate "1999.11.16"]
[SourceVersion "1"]
[SourceVersionDate "1999.11.16"]
[SourceQuality "1"]

1. d4 Nf6 2. c4 g6 3. Nf3 Bg7 4. g3 0-0 5. Bg2 d6 6. 0-0 Nc6 7. d5 Na5 8. Nbd2 c5 9. e4 e5 10. a3 b6 11. b4 Nb7 12. Ne1 Ng4 13. h3 Nh6 14. Nd3 f5 15. f3 f4 16. g4 Nf7 17. bxc5 dxc5 18. Bb2 Nbd6 19. a4 Bd7 20. Ra2 Rc8 21. Qa1 Qf6 22. Rc1 h5 23. Nb3 hxg4 24. hxg4 Qg5 25. Nf2 Qh4 26. Nd2 Qe7 27. Nd3 Qg5 28. Ra3 Bf6 29. Nf2 Kg7 30. Nh3 Qh6 31. Rac3 Rh8 32. a5 Ng5 33. Nxg5 Qh2+ 34. Kf1 Bxg5 35. Rb3 Nf7 36. Bxe5+ Nxe5 37. Qxe5+ Bf6 38. Qd6 Rcd8 39. e5 Bh4 40. Qc7 Kh6 41. Ne4 Ba4 42. e6 Bxb3 43. Qe5 Be7 44. g5+ Kh5 45. d6 Bxd6 46. Nxd6 Rxd6 47. Qxh8+ 1-0

[Event "Moscow-ch op"]
[Site "Moscow"]
[Date "1998.??.??"]
[Round "6"]
[White "Leontiev, Aleksandr V"]
[Black "Cherniak, Anton S"]
[Result "1-0"]
[WhiteElo "2360"]
[BlackElo "2285"]
[PlyCount "47"]
[EventDate "1998.??.??"]
[EventType "swiss"]
[EventRounds "9"]
[EventCountry "RUS"]
[SourceTitle "EXT 2000"]
[Source "ChessBase"]
[SourceDate "1999.11.16"]
[SourceVersion "1"]
[SourceVersionDate "1999.11.16"]
[SourceQuality "1"]

1. c4 g6 2. e4 Bg7 3. d4 d6 4. Nc3 Nf6 5. Be2 0-0 6. Bg5 h6 7. Be3 Nbd7 8. Qd2 c5 9. d5 Qa5 10. Bxh6 Bxh6 11. Qxh6 Nxe4 12. Rc1 Ndf6 13. h4 Qb4 14. Bf3 Bf5 15. Nge2 Qxb2 16. h5 g5 17. 0-0 g4 18. Bxe4 Nxe4 19. Qf4 Nxc3 20. Nxc3 Bh7 21. Qg5+ Kh8 22. Qxe7 Qd2 23. Qf6+ Kg8 24. Rfd1 1-0

[Event "Moscow-ch op"]
[Site "Moscow"]
[Date "1998.??.??"]
[Round "5"]
[White "Ulko, Jaroslav"]
[Black "Cherniak, Anton S"]
[Result "1-0"]
[WhiteElo "2420"]
[BlackElo "2285"]
[PlyCount "81"]
[EventDate "1998.??.??"]
[EventType "swiss"]
[EventRounds "9"]
[EventCountry "RUS"]
[SourceTitle "EXT 2000"]
[Source "ChessBase"]
[SourceDate "1999.11.16"]
[SourceVersion "1"]
[SourceVersionDate "1999.11.16"]
[SourceQuality "1"]

1. d4 Nf6 2. c4 g6 3. Nc3 Bg7 4. e4 0-0 5. Nf3 d6 6. Be2 e5 7. 0-0 Nc6 8. d5 Ne7 9. b4 Ne8 10. c5 f5 11. Ba3 Kh8 12. b5 dxc5 13. Bxc5 b6 14. Bb4 Nd6 15. Nd2 Bb7 16. f3 Rf7 17. a4 Qd7 18. a5 Re8 19. Nc4 Nxc4 20. Bxc4 Rf6 21. Na4 Qd8 22. Nb2 Ng8 23. Nd3 f4 24. Bc3 Rf7 25. axb6 axb6 26. Ra7 Qb8 27. Qa1 Rfe7 28. Rf2 Nh6 29. Rfa2 Nf7 30. Nb4 Rd7 31. Nc6 Qc8 32. Bf1 h6 33. g3 Ng5 34. Bg2 Bxc6 35. bxc6 Rdd8 36. gxf4 Nh3+ 37. Bxh3 Qxh3 38. Qf1 Qh4 39. fxe5 Bxe5 40. Bxe5+ Rxe5 41. Rxc7 1-0